00522nam a22001812 4500001001100000005001700011008004100028020001700069040001500086245007100101250001300172260003100185300001700216650003600233700003500269700003300304852000300337000002366820151217152246.0130315s xx 000 0 eng d a019851056x : aKABUcKABU10aOperative surgery /cedited by Greg R. McLatchie, David J. Leaper. a2nd ed. aOxford :bO. U. P.,c2006. axvi, 866 p. 0aSurgery, Operative.@00001832741 aMcLatchie, Greg R.@00001832751 aLeaper, David J.@00001832761